| 000 | 01267nam a22003377i 4500 | ||
|---|---|---|---|
| 003 | EG-GICUC | ||
| 005 | 20260121101452.0 | ||
| 008 | 251211s2007 ua ||||fr|||| 00| 0 ara d | ||
| 017 | _a20077410 | ||
| 020 | _a9770315230 | ||
| 040 |
_a EG-GICUC _bara _c EG-GICUC _d EG-GICUC _erda |
||
| 041 | _aara | ||
| 082 | 0 | 4 |
_221 _a343.62 _bن س . إ |
| 092 | 0 | 4 | _221 |
| 099 | _aLaw1 10 343.62 ن س . إ 2007 | ||
| 100 | 0 |
_aنسرين عبد الحميد نبيه _eمؤلف. |
|
| 245 | 1 | 2 |
_aالإجرام المعقد / _cنسرين عبد الحميد نبيه. |
| 264 | 1 |
_aالإسكندرية : _bمنشأة المعارف، _c2007. |
|
| 300 |
_a218 صفحة ؛ _c24 سم. |
||
| 336 |
_2rda content _atext |
||
| 337 |
_2rda media _aComputer |
||
| 338 |
_2rda carrier _aOnline Resource |
||
| 504 | _aيحتوي على ارجاعات ببليوجرافية | ||
| 546 | _aالنص أغلبه باللغة العربية مع بعض النصوص الإنجليزية | ||
| 650 | 1 | 4 |
_aالنظريات المفسرة للسلوك الإجرامي _2qrmak |
| 650 | 1 | 4 | _aالعوامل الإجرامية بصفة عامة |
| 651 | 1 | _2qrmak | |
| 856 | 4 | 0 | _uhttps://fll.law.cu.edu.eg/fulltext/bks/B10-07242.pdf |
| 905 |
_a75 _eHassnaa |
||
| 942 |
_2ddc _cBK _e21 _n0 |
||
| 999 |
_c49854 _d49854 |
||